| 000 | 00434 a2200169 4500 | ||
|---|---|---|---|
| 001 | 001034 | ||
| 003 | OSt | ||
| 005 | 20211007101256.0 | ||
| 008 | |||
| 082 |
_a658.00722 _bB22C |
||
| 100 | 1 | _aBaporikar, Neeta | |
| 245 | 1 |
_aCase method : cases in management _cby Neeta Baporikar |
|
| 260 |
_aMumbai _bHimalaya Publishing _c2009 |
||
| 300 | _a323p. | ||
| 690 | _aManagement--Research | ||
| 942 |
_2ddc _cBK |
||
| 999 |
_c18 _d18 |
||